CTET paper II : (Record no. 170543)

MARC details
000 -LEADER
fixed length control field 00688nam a2200193 4500
005 - DATE AND TIME OF LATEST TRANSACTION
control field 20191217150505.0
010 ## - LCCN (DPL NO)
LC control number ENG-127172
020 ## - INTERNATIONAL STANDARD BOOK NUMBER
International Standard Book Number 9789389552423
Terms of availability 395.00
035 ## - SYSTEM CONTROL NUMBER
System control number EN-110704
037 ## - SOURCE OF ACQUISITION
Source of stock number/acquisition DBAD/PUB
082 ## - DEWEY DECIMAL CLASSIFICATION NUMBER
Classification number 000
100 ## - MAIN ENTRY--PERSONAL NAME
Personal name Gandhi, Haneet
245 ## - TITLE STATEMENT
Title CTET paper II :
Statement of responsibility, etc by Haneet Gandhi [and] Yukti Sharma
Remainder of title mathematics and science /
260 ## - PUBLICATION, DISTRIBUTION, ETC. (IMPRINT)
Place of publication, distribution, etc Noida
Name of publisher, distributor, etc Pearson India Education
Date of publication, distribution, etc 2020
270 ## - ADDRESS
Address 15th Floor, Tower-B, World Trade Tower, Plot No. 1 Block- C, Sector-16
City Noida, Uttar Pradesh
Postal code 201301
Electronic mail address companysecretary.india@pearson.com
300 ## - PHYSICAL DESCRIPTION
Extent xii;various paging.
Dimensions 24cm(pbk)
700 ## - ADDED ENTRY--PERSONAL NAME
Personal name Sharma, Yukti
942 ## - ADDED ENTRY ELEMENTS (KOHA)
Source of classification or shelving scheme Dewey Decimal Classification
Item type English Books
Classification part 000
Call number suffix GAN
Holdings
Withdrawn status Lost status Not for loan Collection code Home library Current library Date acquired Source of acquisition Cost, normal purchase price Full call number Barcode Copy number Cost, replacement price Koha item type
      Non-fiction Ashok Vihar Ashok Vihar 17/12/2019 DBAD/PUB 395.00 000 GAN EN-110704 1 395.00 English Books

© Delhi Public Library
Hit Counter
free hit counter